Países 5 - Statistics

Estatísticas Gerais
  • Esse quiz foi jogado 81 vezes
  • A pontuação média é 14 de 15
Estatísticas das Respostas
Imagem Resposta % Correto
Brasil
100%
Índia
99%
Itália
99%
Rússia
99%
Croácia
97%
Egito
97%
Uruguai
97%
Grécia
96%
México
96%
Arábia Saudita
95%
Irão
95%
Nova Zelândia
93%
Panamá
90%
Brunei
64%
Libéria
63%
Nenhum quiz correspondente encontrado
Distribuição das Pontuações
Porcentagem de Pessoas com Cada Pontuação
Percentil de Números Respondidos
Sua Pontuação Histórica
Você não jogou esse quiz